Судьба (Запись № 6151816)

Подробности
000 -МАРКЕР
контрольное поле 01501nam0a22003371 4500
001 - ИДЕНТИФИКАТОР ЗАПИСИ
контрольное поле rc\1762254
005 - ИДЕНТИФИКАТОР ВЕРСИИ
контрольное поле 20260406095234.0
035 ## - ДРУГИЕ СИСТЕМНЫЕ НОМЕРА
Идентификатор записи (NLR Aleph) 005286835
100 ## - ДАННЫЕ ОБЩЕЙ ОБРАБОТКИ
Данные общей обработки 20061204d1903 |||y0rusy50 ca
101 0# - ЯЗЫК РЕСУРСА
Язык текста, звукозаписи и т.д. русский
102 ## - СТРАНА ПУБЛИКАЦИИ ИЛИ ПРОИЗВОДСТВА
Страна публикации российская федерация
105 ## - ПОЛЕ КОДИРОВАННЫХ ДАННЫХ: ТЕКСТОВЫЕ МАТЕРИАЛЫ, МОНОГРАФИЧЕСКИЕ
Кодированные данные о монографическом текстовом документе a z |||a|
135 ## - ПОЛЕ КОДИРОВАННЫХ ДАННЫХ: ЭЛЕКТРОННЫЕ РЕСУРСЫ
Кодированные данные для электронного ресурса coco 024aaaaa
135 ## - ПОЛЕ КОДИРОВАННЫХ ДАННЫХ: ЭЛЕКТРОННЫЕ РЕСУРСЫ
Кодированные данные для электронного ресурса coco 024aaaaa
200 1# - ЗАГЛАВИЕ И СВЕДЕНИЯ ОБ ОТВЕТСТВЕННОСТИ
Основное заглавие Судьба
Сведения, относящиеся к заглавию Рассказ для детей
Первые сведения об ответственности С 20 рис. П.Е. Литвиненко
Последующие сведения об ответственности И.А. Любич-Кошуров
210 ## - ПУБЛИКАЦИЯ, РАСПРОСТРАНЕНИЕ И ДР.
Место издания, распространения и т.д. Москва
Имя издателя, распространителя и т. д. А.П. Ненашев
Дата издания, распространения и т.д. 1903
215 ## - ФИЗИЧЕСКАЯ ХАРАКТЕРИСТИКА
Специфическое обозначение материала и объем 41 с.
Другие сведения о физической характеристике ил.
Размеры 23
300 ## - ОБЩИЕ ПРИМЕЧАНИЯ
Текст примечания Эл.копия создана на основе экземпляра РГБ
325 ## - ПРИМЕЧАНИЕ О КОПИИ
Текст примечания Копия доступна в Электрон. б-ке РНБ http://vivaldi.nlr.ru/bx000005858/view
700 #1 - ИМЯ ЛИЦА - ПЕРВИЧНАЯ ОТВЕТСТВЕННОСТЬ
Материалы, к которым относится поле rus
Графика поля Кириллица
Начальный элемент ввода Любич-Кошуров
Часть имени, кроме начального элемента ввода И. А.
Даты 1872-1937
Расширение инициалов личного имени Иоасаф Арианович
Идентификатор авторитетной/нормативной записи RU\NLR\AUTH\77109536
Системный номер авторитетной/нормативной записи 92461
702 #1 - ИМЯ ЛИЦА - ВТОРИЧНАЯ ОТВЕТСТВЕННОСТЬ
Код отношения Иллюстратор
Материалы, к которым относится поле rus
Графика поля Кириллица
Начальный элемент ввода Литвиненко
Часть имени, кроме начального элемента ввода П. Е.
Дополнения к именам, кроме дат писатель, художник
Даты 19 в.
Расширение инициалов личного имени Петр Евстафьевич
Идентификатор авторитетной/нормативной записи RU\NLR\AUTH\7771424
Системный номер авторитетной/нормативной записи 54352
801 #0 - ИСТОЧНИК ЗАПИСИ
Страна российская федерация
Организация NLR
Дата составления 20061204
Правила каталогизации psbo
801 #0 - ИСТОЧНИК ЗАПИСИ
Страна российская федерация
Организация RuMoRGB
Дата составления 20061204
Источник данных psbo
801 #1 - ИСТОЧНИК ЗАПИСИ
Страна российская федерация
Организация ProSoft-M
Дата составления 20061204
Источник данных rusmarc
801 #2 - ИСТОЧНИК ЗАПИСИ
Страна российская федерация
Организация NLR
Дата составления 20130911
Источник данных rusmarc
852 ## - МЕСТОНАХОЖДЕНИЕ И ШИФР ХРАНЕНИЯ
Идентификатор организации NLR
Шифр хранения (Call Number) 34.48.3.694
942 ## - ДОПОЛНИТЕЛЬНЫЕ ЭЛЕМЕНТЫ ЗАПИСИ (АБИС)
Тип экземпляра АБИС Книга
980 ## - КОЛЛЕКЦИЯ
Название коллекции Национальная библиография
981 33 - КОЛЛЕКЦИЯ ЭЛЕКТРОННОЙ БИБЛИОТЕКИ
Название коллекции Художественная литература
Название подколлекции 1. Отечественная литература
Экземпляры
Тип экземпляра Дата поступления Библиотека постоянного хранения Библиотека текущего хранения Место хранения Шифр хранения Штрих-код Статус не для выдачи
Книга 26.10.2013 РНБ (Садовая) РНБ (Садовая) Русский книжный фонд -Главное здание, Ленинский читальный зал 34.48.3.694 5286835-10